The implications of the U.S. Department of Veterans Affairs' limited scope of Gulf War illness research : hearing before the Subcommittee on Oversight and Investigations of the Committee on Veterans' Affairs, U.S. House of Representatives, One Hundred Eleventh Congress, first session, July 30, 2009.

Bibliographic Details
Corporate Author: United States. Congress. House. Committee on Veterans' Affairs. Subcommittee on Oversight and Investigations
Format: Government Document eBook
Language:English
Published: Washington : U.S. G.P.O., 2010.
Subjects:
Online Access:Electronic resource (PDF)

MARC

Tag First Indicator Second Indicator Subfields
LEADER 00000cam a22000001a 4500
001 in00004101621
005 20200117091650.0
006 m d f
007 cr bn mmmapmmp
008 100519s2010 dcu ob f000 0 eng d
035 |a chdc201000878 
040 |a UMI  |c UMI  |d UtOrBLW 
042 |a pcc 
043 |a n-us--- 
074 |a 1027-A 
086 0 |a Y 4.V 64/3:111-39 
088 |a Serial no. 111-39 (United States. Congress. House. Committee on Veterans' Affairs) 
110 1 |a United States.  |b Congress.  |b House.  |b Committee on Veterans' Affairs.  |b Subcommittee on Oversight and Investigations.  |0 http://id.loc.gov/authorities/names/n81100874 
245 1 4 |a The implications of the U.S. Department of Veterans Affairs' limited scope of Gulf War illness research :  |b hearing before the Subcommittee on Oversight and Investigations of the Committee on Veterans' Affairs, U.S. House of Representatives, One Hundred Eleventh Congress, first session, July 30, 2009. 
264 1 |a Washington :  |b U.S. G.P.O.,  |c 2010. 
264 2 |a Washington :  |b For sale by the Supt. of Docs., U.S. G.P.O. 
300 |a iv, 134 pages, digital, PDF file. 
336 |a text  |b txt  |2 rdacontent 
337 |a computer  |b c  |2 rdamedia 
338 |a online resource  |b cr  |2 rdacarrier 
500 |a Shipping list number: 2010-0170-P. 
504 |a Includes bibliographical references. 
500 |a "Serial number 111-39." 
500 |a Record is based on bibliographic data in ProQuest Congressional Hearings Digital Collection. Reuse except for individual research requires license from ProQuest, LLC. 
500 |a Electronic resource. 
533 |a Electronic reproduction.  |b [Bethesda, Md.] :  |c ProQuest,  |d 2010.  |e digital, PDF file.  |n ProQuest U.S. Congressional Hearings Digital Collection.  |n Mode of access: World Wide Web via ProQuest website. 
538 |a System requirements: PDF reader software. 
610 1 0 |a United States.  |b Department of Veterans Affairs  |v Rules and practice. 
650 0 |a Persian Gulf syndrome  |x Research  |x Evaluation. 
650 0 |a Persian Gulf War, 1991  |x Health aspects  |x Research  |z United States. 
650 0 |a Persian Gulf War, 1991  |x Veterans  |x Medical care  |x Evaluation. 
776 0 8 |i Print version:   |a United States. Congress. House. Committee on Veterans' Affairs. Subcommittee on Oversight and Investigations.  |t Implications of the U.S. Department of Veterans Affairs' limited scope of Gulf War illness research  |w 9780160854873  |w 0160854873  |w (OCoLC)605952594  |z 2009526467 
776 0 8 |i Microfiche version:   |a United States. Congress. House. Committee on Veterans' Affairs. Subcommittee on Oversight and Investigations.  |t implications of the U.S. Department of Veterans Affairs' limited scope of Gulf War illness research  |d [Bethesda, Md.] : ProQuest,[2010]  |o CIS 2010 H761-42  |w (ProQuest)cis01001591  
856 4 0 |u http://proxy.library.tamu.edu/login?url=http://search.proquest.com/congcomp/getdoc?HEARING-ID=HRG-2009-VAH-0045  |y Electronic resource (PDF)  |t 0 
998 |a cis01001591  
999 f f |s 6c114b4a-864b-3af0-b533-22d1f6229204  |i 914fc2eb-4ab5-3acd-895e-63a36b211fe1  |t 0 
952 f f |a Texas A&M University  |b College Station  |c Electronic Resources  |d Available Online  |t 0  |e Y 4.V 64/3:111-39  |h Superintendent of Documents classification 
998 f f |a Y 4.V 64/3:111-39  |t 0  |l Available Online